| 000 | 00485nam a22001817a 4500 | ||
|---|---|---|---|
| 003 | NUST-PNEC | ||
| 005 | 20170116181112.0 | ||
| 008 | 140927b xxu||||| |||| 00| 0 eng d | ||
| 040 | _cLIBRARY | ||
| 082 | _a915.49005 RAF | ||
| 100 |
_9381 _aRafique, Akhtar |
||
| 245 |
_aPakistan year book 1988-89/ _cRafique Akhtar |
||
| 250 | _a13th ed. | ||
| 260 |
_aKarachi _bEast & West Publishing Company, Karachi _cc1985 |
||
| 500 | _aIncludes Indedx | ||
| 650 | _xGeneral | ||
| 942 |
_2ddc _cBK |
||
| 999 |
_c69153 _d69153 |
||